Sê - Khôp
Spremljeno u:
| Glavni autor: | |
|---|---|
| Format: | Knjiga |
| Izdano: |
H.
Văn Hóa
1979
|
| Teme: | |
| Oznake: |
Dodaj oznaku
Bez oznaka, Budi prvi tko označuje ovaj zapis!
|
| Thư viện lưu trữ: | Trung tâm Học liệu Lê Vũ Hùng, Trường Đại học Đồng Tháp |
|---|
| LEADER | 00706pam a22002298a 4500 | ||
|---|---|---|---|
| 001 | 00021461 | ||
| 005 | 20171026081025.0 | ||
| 008 | 110525s1979 ||||||Viesd | ||
| 041 | 0 | # | |a Vie |
| 082 | 1 | 4 | |a 891.700 81 |b S250KH |
| 100 | 0 | # | |a Phan Hồng Giang |
| 245 | 0 | 0 | |a Sê - Khôp |c Phan Hồng Giang |
| 260 | # | # | |a H. |b Văn Hóa |c 1979 |
| 300 | # | # | |a 290 tr. |c 19 cm. |
| 650 | # | 4 | |a Liên Xô |
| 650 | # | 4 | |a Văn học hiện đại |
| 653 | # | # | |a Cuộc đời và sự nghiệp |
| 653 | # | # | |a Sê - Khốp |
| 852 | # | # | |b Kho đọc |j KD.0006864 |
| 852 | # | # | |j KD.0006864 |
| 910 | 0 | # | |a kìm |d 25/05/2011 |
| 980 | # | # | |a Trung tâm Học liệu Lê Vũ Hùng, Trường Đại học Đồng Tháp |